Judo: juegos para la mejora del aprendizaje de las técnicas
Saved in:
| Main Authors: | , , , |
|---|---|
| Format: | Bog |
| Sprog: | spansk |
| Udgivet: |
Barcelona
Paidotribo
2006
|
| Udgivelse: | 1a. ed |
| Fag: | |
| Tags: |
Tilføj Tag
Ingen Tags, Vær først til at tagge denne postø!
|
MARC
| LEADER | 00000nam a2200000 a 4500 | ||
|---|---|---|---|
| 001 | UCG3307 | ||
| 003 | CL-VaPUC | ||
| 008 | 100819e20060000SP |||||||||||||||||spa|d | ||
| 020 | |a 8480198656 | ||
| 082 | 0 | 4 | |a 796.815 |b GAR |2 21 |
| 100 | 0 | |a García García, José Manuel |e author |9 552325 | |
| 700 | 0 | |a Valle Díaz, Sagrario Del |e author |9 552326 | |
| 700 | 0 | |a Díaz González, Paz |e author |9 552327 | |
| 700 | 0 | |a Velázquez Velázquez, Remedios |e author |9 552328 | |
| 245 | 1 | 0 | |a Judo: juegos para la mejora del aprendizaje de las técnicas |
| 250 | |a 1a. ed | ||
| 300 | |a 325 p | ||
| 942 | |c BK | ||
| 945 | |d 20100819 00:00:00 |a mfarfan | ||
| 260 | |a Barcelona |b Paidotribo |c 2006 | ||
| 650 | 0 | |a Actividad física |9 362156 | |
| 650 | 7 | |a DEPORTES DE COMBATE |2 CL-VaPUC |9 341527 | |
| 650 | 7 | |a ENTRENAMIENTO FISICO |2 CL-VaPUC |9 307393 | |
| 650 | 7 | |a JUDO |2 CL-VaPUC |9 552329 | |
| 583 | |a last modification |c 20100819 00:00:00 |k Rodrigo Vera | ||
| 999 | |c 342377 |d 342375 | ||
| 952 | |0 0 |1 0 |4 0 |6 796_815000000000000_GAR_2006 |7 0 |8 C |9 438539 |a BIBCUR |b BIBCUR |d 2019-11-22 |i 4708431 |l 1 |o 796.815 GAR 2006 |p 4708431 |r 2025-04-22 |s 2025-01-06 |w 2019-11-22 |y BK |k DEN | ||